| 000 | 01136cam a22002771i 4500 | ||
|---|---|---|---|
| 003 | SA-RiAUC | ||
| 005 | 20250118141122.0 | ||
| 008 | 250106s1994 ua g 000 0 ara c | ||
| 040 |
_aSA-JeALM _bara _cSA-RiAUC _erda |
||
| 082 | 0 | 4 | _a371.11 |
| 090 |
_a371.11 _b خ ي ا |
||
| 100 | 1 |
_aخياط، محمد جميل جنة علي _eمؤلف. |
|
| 245 | 1 | 2 |
_aالإعداد الروحي والخلقي للمعلم / _cمحمد جميل بن علي خياط. |
| 250 | _aالطبعة الأولى. | ||
| 264 | 1 |
_a[مكان النشر غير محدد] : _b[الناشر غير محدد]، _c1994 |
|
| 264 | 3 |
_aالجيزة، مصر : _bمطابع الصفا |
|
| 300 |
_a208 صفحة؛ _c24 سم |
||
| 336 |
_aنص _btxt _2rdacontent _3كتاب |
||
| 337 |
_aبدون وسيط _bn _2rdamedia |
||
| 338 |
_aمجلد _bnc _2rdacarrier |
||
| 500 | _aإهداء من المؤلف محمد جميل بن علي خياط بتاريخ 1415/1/27 هـ | ||
| 650 | 7 |
_aالمدرسون _xتدريب _2aucsh |
|
| 650 | 7 |
_aالمدرسون _xأخلاق مهنية _2aucsh |
|
| 942 |
_2ddc _cBOOK _n0 |
||
| 949 |
_aSA-JeALM _d250106 _umohamedma123 _n1 |
||
| 999 |
_c4939 _d4939 |
||